000
00298nam a22001217a 4500
003
SGT
082
_a
080
_b
A02V
100
_a
वर्मा, संजय
245
_a
अंतहीन आतंक
260
_b
अक्षय प्रकाशन
_c
2002
300
_a
110
942
_2
ddc
_c
BK
999
_c
31527
_d
31527